01543nam a22003857a 4500003000500000005001700005008004100022010000900063011000900072035000900081040000900090090001000099100004300109245012200152260004200274300000900316502006900325590003700394590004100431590004100472590004100513590004100554590004100595590004200636650003500678650002700713650004700740901000700787942000900794949004100803949004600844999001500890952012500905952012701030CHAP20220329133608.0971013s1992 r 00010 d a8333 a9305 a8540 cCHAP aTesis00aDomínguez Tapia, José Juan.933899 aEfecto de la incidencia de daños por frío sobre la fisiología y calidad de frutos de tuna (Opuntia amyclaea T.) aMontecillo, Méx. :bEl autor,c1992 a78 h aTesis (M.C. Esp. en Fruticultura) -- C.P. Centro de Fruticultura aALEPHb10c20130110lUCH01h1222 aBATCH-UPDb10c20130110lUCH01h0142 aBATCH-UPDb10c20130110lUCH01h2042 aBATCH-UPDb10c20130409lUCH01h2140 aBATCH-UPDb10c20130410lUCH01h1357 aBATCH-UPDb10c20130914lUCH01h1219 aCONVERSIONb10c20130109lUCH01h130614aFríoxEfecto en tuna.94354614aTunaxCalidad.911554614aTunaxFisiología y morfología.9115553 aBK cFOLL bBCcTESd-18762eTS1h25828i8540si bBCcTESd-18763eTS2fc.2h25829i8540si c8333d8333 00102local4053708TESISaBCbBCcPA_TESISd2019-12-31fTESISl0p-18763r2019-12-31 00:00:00tc.2w2019-12-31yTESIS 00102local4051708TESISaBCbBCcPA_TESISd2019-12-31fTESISl0oTesisp-18762r2019-12-31 00:00:00w2019-12-31yTESIS